00000000nam 2200000zi 4500
0019.883132
003CaOODSP
00520250820154809
006m     o  d f      
007cr |||||||||||
008191223t20252025oncbd   obs  f000 0 eng d
020 |a9780660336138
040 |aCaOODSP|beng|erda|cCaOODSP
043 |an-cn---
0861 |aH139-87/2025E-PDF
1001 |aBoileau-Falardeau, Michèle, |eauthor.
24510|aIn focus : |bthe emergence of opioids in Canada / |cMichèle Boileau-Falardeau, Caroline Maurice-Gélinas, Justin Dyck, Sophie Gagnon, Melina Thibault, Cindy Leung Soo, Marie-Line Gilbert, Janike Pitre, Benoit Archambault.
264 1|a[Ottawa] : |bHealth Canada, Drug Analysis Service, |c[2025]
264 4|c©2025
300 |a1 online resource (21 pages) : |bgraphs, map
336 |atext|btxt|2rdacontent
337 |acomputer|bc|2rdamedia
338 |aonline resource|bcr|2rdacarrier
500 |aIssued also in French under title: Point focal : l'émergence des opioïdes au Canada.
500 |a"Pub.: 240868."
504 |aIncludes bibliographical references (page 20).
650 0|aOpioid abuse|zCanada|vStatistics.
650 0|aOpioids|vStatistics.
655 7|aStatistics|2lcgft
7101 |aCanada. |bHealth Canada, |eissuing body.
77508|tPoint focal : |w(CaOODSP)9.883133
85640|qPDF|s1.86 MB|uhttps://publications.gc.ca/collections/collection_2025/sc-hc/H139-87-2025-eng.pdf
8564 |qHTML|sN/A|uhttps://www.canada.ca/en/health-canada/services/publications/healthy-living/emergence-opioids-canada.html